000 nam a22 7a 4500
999 _c10887
_d10887
008 180308b ||||| |||| 00| 0 eng d
100 _aKumar,R.
_96702
245 _aScience-X
260 _aNew Delhi
_bSandipani
_c2012